Indoensian transportation services directory 2011.
| Format: | Book |
|---|---|
| Published: |
Jakarta:
P.T. Capricon Indonesia Consult,
2011.
|
| Subjects: |
| LEADER | 00450cam a2200133 7i4500 | ||
|---|---|---|---|
| 001 | 0000028816 | ||
| 005 | 20130314090000.0 | ||
| 090 | 0 | 0 | |a INDO 388.025 |b IND |
| 245 | 0 | 0 | |a Indoensian transportation services directory 2011. |
| 260 | 0 | 0 | |a Jakarta: |b P.T. Capricon Indonesia Consult, |c 2011. |
| 300 | # | # | |a [v.p]. |
| 650 | 0 | 0 | |a Transportation service -- |x Directories -- |z Indonesia |
| 651 | 0 | 0 | |a Indonesia |
| 999 | |a B000032212 |b Directories |c Countries |e Business Information Centre | ||